000 00295nam a2200121Ia 4500
008 220216s9999 xx 000 0 und d
100 _aPathak A G
245 0 _aTyre production in terms of tonnage
260 _bRubber Asia
_c1994
300 _a93-100
650 _aTyre production
942 _cJS
999 _c71671
_d71671